Ultimo cielo en la cruz : cambio sociocultural y estructuras de poder en Los Altos de Jalisco /

Uloženo v:
Podrobná bibliografie
Hlavní autor: López Cortés, Eliseo (autor)
Médium: Kniha
Jazyk:španělština
Vydáno: Guadalajara, México : Universidad de Guadalajara : El Colegio de Jalisco, 1999, c1999
Témata:
Tagy: Přidat tag
Žádné tagy, Buďte první, kdo vytvoří štítek k tomuto záznamu!

MARC

LEADER 00000nam^a2200000^a^4500
001 000108777
005 20250521000000.0
009 20260310093657.579
020 |a 970-9022-27-X 
037 |a Acervo ITESO - Biblioteca 
041 |a ESP 
082 |a 306. 097235  |b LOP 
100 |a López Cortés, Eliseo  |e (autor) 
245 1 0 |a Ultimo cielo en la cruz :  |b cambio sociocultural y estructuras de poder en Los Altos de Jalisco /  |c E. López Cortés. 
264 4 |a Guadalajara, México :  |b Universidad de Guadalajara :  |b El Colegio de Jalisco,  |c 1999, c1999 
300 |a 342 p. 
336 |a texto  |b txt  |2 rdacontenido 
337 |a sin mediación  |b n  |2 rdamedio 
338 |a volumen  |b nc  |2 rdasoporte 
649 |a XX 
650 |a San Miguel el Alto, Jalisco -  |x Condiciones Sociales y Culturales 
650 |a Jalostotitlán, Jalisco -  |x Cambios Sociales y Culturales 
650 |a Altos de Jalisco -  |x Condiciones Sociales y Culturales 
650 |a Jalisco -  |x Condiciones Sociales y Culturales 
650 |a Transculturación 
650 |a Cambios Sociales y Culturales 
650 |a Poder (Ciencias Sociales) 
650 |a Modernidad y Posmodernidad 
650 |a Iglesia Católica en Jalisco 
650 |a Iglesia Católica en México 
650 |a Sociología de la Cultura 
650 |a Sociología de la Religión 
650 |a Antropología Cultural 
910 |a Fondo General 
920 |a Impresos - Libros 
930 |a Colección General 
905 |a 101 
901 |a 0500045430  |b IT1  |c ACC  |u 20250521 
902 |a https://opac.biblio.iteso.mx/vufind/Record/000108777